Normal view
MARC view
Entry Topical Term
001 - CONTROL NUMBER
- control field: 25606
003 - CONTROL NUMBER IDENTIFIER
- control field: BD-DhEWU
005 - DATE AND TIME OF LATEST TRANSACTION
- control field: 20230327100704.0
008 - FIXED-LENGTH DATA ELEMENTS
- fixed length control field: 230327|| aca||aabn | a|a d
040 ## - CATALOGING SOURCE
- Original cataloging agency: BD-DhEWU
- Transcribing agency: BD-DhEWU
150 ## - HEADING--TOPICAL TERM
- Topical term or geographic name as entry element: Trip generation
- General subdivision: Mathematical models
670 ## - SOURCE DATA FOUND
- Source citation: Work cat.: (BD-DhEWU)9260: Ortúzar S., Juan de Dios. 25605, Modelling Transport /, ©2011.